Objectif Express: Le Monde Professionnel en Français (Record no. 894)

MARC details
005 - DATE AND TIME OF LATEST TRANSACTION
control field 20250318103028.0
020 ## - INTERNATIONAL STANDARD BOOK NUMBER
International Standard Book Number 978-2-01-155427-7
082 ## - DEWEY DECIMAL CLASSIFICATION NUMBER
Classification number 415 TAU
100 ## - MAIN ENTRY--PERSONAL NAME
Author name TAUZIN, B.
245 ## - TITLE STATEMENT
Title Objectif Express: Le Monde Professionnel en Franȧis
260 ## - PUBLICATION, DISTRIBUTION, ETC.
Place of publication, distribution, etc. Paris,
Name of publisher, distributor, etc. Hachette Livre,
Date of publication, distribution, etc. 2006.
300 ## - PHYSICAL DESCRIPTION
Extent 192p.: ill,; figure, maps, picture, table
Other physical details Index.
Dimensions 25cm.
700 ## - ADDED ENTRY--PERSONAL NAME
Other authors/Editors DUBOIS, A. L.
942 ## - ADDED ENTRY ELEMENTS (KOHA)
Source of classification or shelving scheme Dewey Decimal Classification
Koha item type Books
Holdings
Date last seen Total checkouts Full call number Barcode Cost, replacement price Price effective from Koha item type Lost status Source of classification or shelving scheme Damaged status Not for loan Withdrawn status Home library Current library Shelving location Date acquired Cost, normal purchase price
03/18/2025   415 TAU 0000003571 80871.00 03/18/2025 Books   Dewey Decimal Classification       College of Business Education Main Library College of Business Education Main Library General Collection 03/18/2025 26957.00
03/18/2025   415 TAU 0000003572 80871.00 03/18/2025 Books   Dewey Decimal Classification       College of Business Education Main Library College of Business Education Main Library General Collection 03/18/2025 26957.00
03/19/2025   415 TAU 0000003695 80871.00 03/19/2025 Books   Dewey Decimal Classification       College of Business Education Main Library College of Business Education Main Library Special Reserve Collection 03/19/2025 26957.00
03/19/2025   415 TAU 0000003696 80871.00 03/19/2025 Books   Dewey Decimal Classification       College of Business Education Main Library College of Business Education Main Library Special Reserve Collection 03/19/2025 26957.00